[Event "European School Championships"]
[Site "Rhodes, Greece"]
[Date "2022.04.25"]
[Round "5.3"]
[White "Gurer, Oguz Kagan"]
[Black "Keber, Aljosa"]
[Result "1/2-1/2"]
[WhiteElo "1690"]
[BlackElo "1511"]
[PlyCount "141"]
[EventDate "2022.04.21"]
[EventRounds "9"]

1. e4 {[%emt 0:00:02]} c5 {[%emt 0:00:05]} 2. Nf3 {[%emt 0:00:04]} Nc6 {
[%emt 0:00:04]} 3. d4 {[%emt 0:00:03]} cxd4 {[%emt 0:00:04]} 4. Nxd4 {[%emt 0:
00:02]} g6 {[%emt 0:00:09]} 5. c4 {[%emt 0:00:03]} Bg7 {[%emt 0:00:11]} 6. Be3
{[%emt 0:00:10]} Nf6 {[%emt 0:01:04]} 7. Nc3 {[%emt 0:00:49]} O-O {[%emt 0:00:
39]} 8. Be2 {[%emt 0:00:08]} d6 {[%emt 0:00:08]} 9. O-O {[%emt 0:00:28]} Bd7 {
[%emt 0:00:16]} 10. f3 {[%emt 0:00:07]} Nxd4 {[%emt 0:00:10]} 11. Bxd4 {
[%emt 0:00:02]} Bc6 {[%emt 0:00:13]} 12. b4 {[%emt 0:00:25]} a5 {[%emt 0:08:41]
} 13. b5 {[%emt 0:03:17]} Be8 {[%emt 0:03:24]} 14. Nd5 {[%emt 0:10:48]} Nd7 {
[%emt 0:14:47]} 15. Bxg7 {[%emt 0:06:06]} Kxg7 {[%emt 0:00:11]} 16. Qd4+ {
[%emt 0:00:02]} f6 {[%emt 0:02:55]} 17. Nf4 {[%emt 0:05:17]} Bf7 {[%emt 0:01:
38]} 18. Rfd1 {[%emt 0:04:02]} Qb6 {[%emt 0:12:09]} 19. Rac1 {[%emt 0:20:31]}
Rac8 {[%emt 0:10:18]} 20. Rc2 {[%emt 0:13:05]} g5 {[%emt 0:03:55]} 21. Nd5 {
[%emt 0:09:50]} Bxd5 {[%emt 0:03:25]} 22. Qxb6 {[%emt 0:00:51]} Nxb6 {[%emt 0:
00:01]} 23. exd5 Rc5 {[%emt 0:01:09]} 24. Rdc1 {[%emt 0:00:39]} Rfc8 {[%emt 0:
00:19]} 25. Bd3 {[%emt 0:00:02]} Nd7 {[%emt 0:01:28]} 26. Bf5 {[%emt 0:01:29]}
R8c7 {[%emt 0:00:11]} 27. Bxd7 {[%emt 0:00:37]} Rxd7 {[%emt 0:00:01]} 28. Kf2 {
[%emt 0:05:27]} b6 {[%emt 0:01:04]} 29. Ke3 {[%emt 0:00:19]} Rdc7 {[%emt 0:00:
12]} 30. Kd4 {[%emt 0:00:30]} Kg6 {[%emt 0:00:40]} 31. a4 {[%emt 0:01:48]} h6 {
[%emt 0:03:43]} 32. Rh1 {[%emt 0:01:54]} Rc8 {[%emt 0:02:19]} 33. h4 {[%emt 0:
00:36]} Rg8 {[%emt 0:02:54]} 34. Re2 {[%emt 0:00:49]} Rc7 {[%emt 0:01:18]} 35.
hxg5 {[%emt 0:01:22]} hxg5 {[%emt 0:05:55]} 36. Re4 {[%emt 0:01:35]} Kg7 {
[%emt 0:07:44]} 37. f4 {[%emt 0:08:15]} gxf4 {[%emt 0:04:22]} 38. Rxf4 {
[%emt 0:00:31]} Kf7 {[%emt 0:00:12]} 39. g4 {[%emt 0:00:21]} Rcc8 {[%emt 0:03:
50]} 40. Rh5 {[%emt 0:04:17]} Ke8 {[%emt 0:03:16]} 41. Re4 {[%emt 0:02:59]} Kd7
{[%emt 0:00:47]} 42. Rh7 {[%emt 0:01:12]} Rce8 {[%emt 0:00:05]} 43. Ke3 {
[%emt 0:00:25]} Rh8 {[%emt 0:00:38]} 44. Rxh8 {[%emt 0:15:10]} Rxh8 {[%emt 0:
00:28]} 45. Kf4 {[%emt 0:01:48]} Rh1 {[%emt 0:01:31]} 46. Ke3 {[%emt 0:03:53]}
Ke8 {[%emt 0:06:44]} 47. g5 {[%emt 0:02:00]} fxg5 {[%emt 0:06:01]} 48. Rg4 {
[%emt 0:00:11]} Rh3+ {[%emt 0:06:51]} 49. Ke4 {[%emt 0:02:54]} Ra3 {[%emt 0:07:
25]} 50. Rxg5 {[%emt 0:00:07]} Rxa4 {[%emt 0:00:13]} 51. Kd4 {[%emt 0:00:19]}
Ra1 {[%emt 0:00:48]} 52. Rg8+ {[%emt 0:00:07]} Kd7 {[%emt 0:00:02]} 53. Ra8 {
[%emt 0:00:46]} Rd1+ {[%emt 0:01:10]} 54. Kc3 {[%emt 0:00:06]} Re1 {[%emt 0:00:
36]} 55. Kd2 {[%emt 0:00:22]} Re5 {[%emt 0:00:14]} 56. Kd3 {[%emt 0:01:11]} Kc7
{[%emt 0:00:32]} 57. Kd2 {[%emt 0:00:49]} e6 {[%emt 0:01:55]} 58. dxe6 {
[%emt 0:00:28]} Rxe6 {[%emt 0:00:26]} 59. Rh8 {[%emt 0:00:33]} d5 {[%emt 0:02:
38]} 60. Kc3 {[%emt 0:05:20]} dxc4 {[%emt 0:03:57]} 61. Kxc4 {[%emt 0:00:01]}
Re5 {[%emt 0:00:28]} 62. Rh7+ {[%emt 0:00:35]} Kc8 {[%emt 0:00:21]} 63. Rh8+ {
[%emt 0:00:56]} Kd7 {[%emt 0:00:05]} 64. Rh7+ {[%emt 0:00:07]} Re7 {[%emt 0:00:
04]} 65. Rh6 {[%emt 0:00:26]} Re6 {[%emt 0:00:25]} 66. Rh7+ {[%emt 0:00:59]}
Kd6 {[%emt 0:00:40]} 67. Rh4 {[%emt 0:00:06]} Ke5 {[%emt 0:01:34]} 68. Rh5+ {
[%emt 0:02:07]} Kf4 {[%emt 0:00:15]} 69. Kd5 {[%emt 0:00:17]} Rg6 {[%emt 0:00:
23]} 70. Rh4+ {[%emt 0:00:46]} Ke3 {[%emt 0:01:04]} 71. Rc4 {[%emt 0:00:19]}
1/2-1/2

[Event "European School Championships"]
[Site "Rhodes, Greece"]
[Date "2022.04.25"]
[Round "5.5"]
[White "Hasanli, Ziya"]
[Black "Hobson, Kenneth"]
[Result "1/2-1/2"]
[WhiteElo "1555"]
[BlackElo "1674"]
[PlyCount "61"]
[EventDate "2022.04.21"]
[EventRounds "9"]

1. d4 {[%emt 0:00:05]} Nf6 {[%emt 0:00:09]} 2. c4 {[%emt 0:00:09]} e6 {[%emt 0:
00:06]} 3. Nc3 {[%emt 0:00:05]} Bb4 {[%emt 0:00:05]} 4. e3 {[%emt 0:00:12]} O-O
{[%emt 0:00:30]} 5. Nf3 {[%emt 0:00:35]} d5 {[%emt 0:00:37]} 6. Bd3 {[%emt 0:
00:05]} b6 {[%emt 0:00:11]} 7. O-O {[%emt 0:00:22]} Bb7 {[%emt 0:00:13]} 8. a3
{[%emt 0:00:36]} Bd6 {[%emt 0:00:11]} 9. cxd5 {[%emt 0:04:29]} exd5 {[%emt 0:
00:06]} 10. Qc2 {[%emt 0:03:01]} a6 {[%emt 0:00:26]} 11. b4 {[%emt 0:04:44]}
Qe7 {[%emt 0:00:46]} 12. Bb2 {[%emt 0:05:56]} Re8 {[%emt 0:04:16]} 13. Rfe1 {
[%emt 0:02:51]} Nbd7 {[%emt 0:07:01]} 14. b5 {[%emt 0:12:20]} axb5 {[%emt 0:10:
13]} 15. Nxb5 {[%emt 0:00:22]} Ne4 {[%emt 0:07:04]} 16. Nxd6 {[%emt 0:02:06]}
Qxd6 {[%emt 0:03:37]} 17. Ne5 Ba6 {[%emt 0:11:13]} 18. Bxa6 {[%emt 0:21:11]}
Rxa6 {[%emt 0:00:10]} 19. f3 {[%emt 0:00:30]} Nef6 {[%emt 0:04:51]} 20. Nxd7 {
[%emt 0:01:25]} Qxd7 {[%emt 0:02:35]} 21. Rac1 {[%emt 0:02:21]} Re7 {[%emt 0:
02:20]} 22. Qc6 {[%emt 0:03:46]} Qd8 {[%emt 0:09:18]} 23. Re2 {[%emt 0:06:15]}
Ra7 {[%emt 0:01:22]} 24. e4 {[%emt 0:00:47]} Re6 {[%emt 0:01:41]} 25. Qc2 {
[%emt 0:00:05]} dxe4 {[%emt 0:03:09]} 26. fxe4 {[%emt 0:00:06]} Qe8 {[%emt 0:
00:30]} 27. Rce1 {[%emt 0:00:50]} c6 {[%emt 0:15:54]} 28. d5 {[%emt 0:01:04]}
cxd5 {[%emt 0:01:18]} 29. Bxf6 {[%emt 0:00:10]} gxf6 {[%emt 0:00:17]} 30. exd5
{[%emt 0:00:05]} Rxe2 {[%emt 0:01:03]} 31. Rxe2 {[%emt 0:02:07]} 1/2-1/2

[Event "European School Championships"]
[Site "Rhodes, Greece"]
[Date "2022.04.25"]
[Round "5.6"]
[White "Dasgupta, Avyukt"]
[Black "Frydel, Marcel"]
[Result "0-1"]
[WhiteElo "1748"]
[BlackElo "1223"]
[PlyCount "122"]
[EventDate "2022.04.21"]
[EventRounds "9"]

1. d4 {[%emt 0:00:08]} d5 {[%emt 0:00:04]} 2. Bf4 {[%emt 0:00:05]} Bf5 {
[%emt 0:00:04]} 3. e3 {[%emt 0:00:06]} e6 {[%emt 0:00:04]} 4. Bd3 {[%emt 0:00:
04]} Bxd3 {[%emt 0:00:19]} 5. Qxd3 {[%emt 0:00:07]} Nc6 {[%emt 0:06:13]} 6. c3
{[%emt 0:00:40]} Bd6 {[%emt 0:00:26]} 7. Nf3 {[%emt 0:00:07]} Bxf4 {[%emt 0:01:
27]} 8. exf4 {[%emt 0:00:05]} Qf6 {[%emt 0:03:56]} 9. g3 {[%emt 0:01:33]} Nge7
{[%emt 0:07:23]} 10. Nbd2 {[%emt 0:00:38]} Qf5 {[%emt 0:02:01]} 11. Qxf5 {
[%emt 0:02:50]} Nxf5 {[%emt 0:00:33]} 12. O-O {[%emt 0:01:14]} O-O {[%emt 0:03:
50]} 13. Rae1 {[%emt 0:02:31]} g6 {[%emt 0:05:31]} 14. Re2 {[%emt 0:06:19]} Kg7
{[%emt 0:01:15]} 15. Ne5 {[%emt 0:06:55]} Nxe5 {[%emt 0:04:00]} 16. fxe5 {
[%emt 0:00:11]} Rac8 {[%emt 0:01:51]} 17. b4 {[%emt 0:04:00]} b6 {[%emt 0:03:
06]} 18. Nb3 {[%emt 0:00:11]} Ra8 {[%emt 0:02:09]} 19. a4 {[%emt 0:07:10]} Rfc8
{[%emt 0:04:24]} 20. Rc1 {[%emt 0:06:46]} c6 {[%emt 0:03:20]} 21. g4 {[%emt 0:
04:16]} Ne7 {[%emt 0:00:47]} 22. f4 {[%emt 0:00:59]} h6 {[%emt 0:01:35]} 23. h4
{[%emt 0:01:37]} Rab8 {[%emt 0:05:28]} 24. Rh2 {[%emt 0:05:35]} h5 {[%emt 0:04:
34]} 25. gxh5 {[%emt 0:01:45]} gxh5 {[%emt 0:00:06]} 26. Rg2+ {[%emt 0:00:12]}
Kh6 {[%emt 0:00:13]} 27. Kh2 {[%emt 0:01:58]} Rg8 {[%emt 0:00:09]} 28. Rcg1 {
[%emt 0:00:43]} Rxg2+ {[%emt 0:00:12]} 29. Rxg2 {[%emt 0:00:12]} Rg8 {[%emt 0:
00:10]} 30. Rxg8 {[%emt 0:00:10]} Nxg8 {[%emt 0:00:07]} 31. a5 {[%emt 0:00:21]}
Ne7 {[%emt 0:00:14]} 32. Nd2 {[%emt 0:03:28]} Kg6 {[%emt 0:01:11]} 33. a6 {
[%emt 0:06:05]} Kf5 {[%emt 0:00:13]} 34. Kg3 {[%emt 0:03:03]} Ng6 {[%emt 0:00:
26]} 35. c4 {[%emt 0:00:20]} Nxf4 {[%emt 0:00:29]} 36. c5 {[%emt 0:00:06]} b5 {
[%emt 0:01:04]} 37. Nb3 {[%emt 0:01:46]} Nd3 {[%emt 0:00:18]} 38. Na5 {[%emt 0:
00:50]} Nxb4 {[%emt 0:00:09]} 39. Kf3 {[%emt 0:00:12]} f6 {[%emt 0:01:09]} 40.
exf6 {[%emt 0:00:35]} Kxf6 {[%emt 0:00:15]} 41. Kf4 {[%emt 0:00:03]} Nxa6 {
[%emt 0:02:45]} 42. Nxc6 {[%emt 0:00:05]} b4 {[%emt 0:01:13]} 43. Na5 {[%emt 0:
00:58]} Nb8 {[%emt 0:01:49]} 44. c6 {[%emt 0:01:14]} Nxc6 {[%emt 0:00:06]} 45.
Nb3 {[%emt 0:02:46]} a5 {[%emt 0:00:12]} 46. Ke3 {[%emt 0:00:08]} e5 {[%emt 0:
00:23]} 47. dxe5+ {[%emt 0:00:09]} Kxe5 {[%emt 0:00:19]} 48. Kd3 {[%emt 0:00:
06]} a4 {[%emt 0:00:30]} 49. Nc5 {[%emt 0:00:09]} a3 {[%emt 0:00:17]} 50. Nb3 {
[%emt 0:00:10]} a2 {[%emt 0:01:20]} 51. Ke3 {[%emt 0:00:09]} Na5 {[%emt 0:00:
26]} 52. Na1 {[%emt 0:00:15]} b3 {[%emt 0:00:09]} 53. Kd2 {[%emt 0:00:10]} b2 {
[%emt 0:00:26]} 54. Nc2 {[%emt 0:00:04]} a1=Q {[%emt 0:00:20]} 55. Nxa1 {
[%emt 0:00:05]} bxa1=Q {[%emt 0:00:29]} 56. Ke2 {[%emt 0:00:25]} Qb2+ {[%emt 0:
00:38]} 57. Kd3 {[%emt 0:00:06]} Qb3+ {[%emt 0:00:20]} 58. Ke2 {[%emt 0:00:07]}
Ke4 {[%emt 0:00:05]} 59. Kd2 {[%emt 0:00:03]} Nc4+ {[%emt 0:00:32]} 60. Kc1 {
[%emt 0:00:16]} Qb2+ {[%emt 0:00:18]} 61. Kd1 {[%emt 0:00:07]} Qd2# {[%emt 0:
00:27]} 0-1

[Event "European School Championships"]
[Site "Rhodes, Greece"]
[Date "2022.04.26"]
[Round "6.1"]
[White "Sozat, Arda"]
[Black "Morkunas, Gustas"]
[Result "1/2-1/2"]
[WhiteElo "1591"]
[BlackElo "1938"]
[PlyCount "80"]
[EventDate "2022.04.21"]
[EventRounds "9"]

1. c4 {[%emt 0:00:02]} Nf6 {[%emt 0:00:15]} 2. Nc3 {[%emt 0:00:08]} g6 {
[%emt 0:00:12]} 3. g3 {[%emt 0:00:08]} Bg7 {[%emt 0:00:06]} 4. Bg2 {[%emt 0:00:
03]} O-O {[%emt 0:00:33]} 5. Nf3 {[%emt 0:00:04]} d6 {[%emt 0:00:06]} 6. O-O {
[%emt 0:00:05]} e5 {[%emt 0:01:04]} 7. d4 {[%emt 0:00:14]} Nc6 {[%emt 0:00:25]}
8. dxe5 {[%emt 0:00:15]} dxe5 {[%emt 0:00:10]} 9. Bg5 {[%emt 0:00:04]} Be6 {
[%emt 0:00:39]} 10. Qa4 {[%emt 0:00:10]} Qc8 {[%emt 0:01:22]} 11. Nd2 {[%emt 0:
00:35]} Nd4 {[%emt 0:07:19]} 12. Bxf6 {[%emt 0:01:46]} Bxf6 {[%emt 0:00:25]}
13. e3 {[%emt 0:00:09]} Nf5 {[%emt 0:00:56]} 14. Nde4 {[%emt 0:00:10]} Be7 {
[%emt 0:02:09]} 15. Nd5 {[%emt 0:00:16]} Bxd5 {[%emt 0:00:37]} 16. cxd5 {
[%emt 0:00:02]} Nd6 {[%emt 0:00:13]} 17. Nc5 {[%emt 0:19:46]} a5 {[%emt 0:26:
11]} 18. Rac1 {[%emt 0:04:57]} Re8 {[%emt 0:06:01]} 19. f4 {[%emt 0:09:07]}
exf4 {[%emt 0:08:12]} 20. Qxf4 {[%emt 0:02:28]} b6 {[%emt 0:03:43]} 21. Ne4 {
[%emt 0:01:13]} f5 {[%emt 0:05:14]} 22. Ng5 {[%emt 0:10:46]} Bxg5 {[%emt 0:00:
51]} 23. Qxg5 {[%emt 0:00:03]} Qd7 {[%emt 0:00:55]} 24. Rc6 {[%emt 0:03:45]}
Qe7 {[%emt 0:02:53]} 25. Qf4 {[%emt 0:13:55]} Rad8 {[%emt 0:09:11]} 26. e4 {
[%emt 0:07:35]} Rd7 {[%emt 0:08:46]} 27. exf5 {[%emt 0:07:07]} gxf5 {[%emt 0:
03:21]} 28. Bh3 {[%emt 0:03:35]} Rf8 {[%emt 0:01:48]} 29. Rf3 {[%emt 0:08:18]}
Qg7 {[%emt 0:01:55]} 30. Rf2 {[%emt 0:03:01]} Re7 {[%emt 0:01:30]} 31. Rfc2 {
[%emt 0:00:36]} Re4 {[%emt 0:01:23]} 32. Rxc7 {[%emt 0:01:03]} Qd4+ {[%emt 0:
02:46]} 33. Qf2 {[%emt 0:00:01]} Qxd5 {[%emt 0:01:58]} 34. Rd2 {[%emt 0:00:56]}
Qe5 {[%emt 0:00:26]} 35. Qxb6 {[%emt 0:03:25]} Re1+ {[%emt 0:01:49]} 36. Bf1 {
[%emt 0:00:23]} Nf7 {[%emt 0:01:49]} 37. Qc5 {[%emt 0:01:18]} f4 {[%emt 0:01:
07]} 38. Qxe5 {[%emt 0:01:10]} Nxe5 {[%emt 0:00:10]} 39. Kf2 {[%emt 0:00:43]}
Ra1 {[%emt 0:00:59]} 40. Bc4+ {[%emt 0:00:27]} Nxc4 {[%emt 0:00:16]} 1/2-1/2

[Event "European School Championships"]
[Site "Rhodes, Greece"]
[Date "2022.04.26"]
[Round "6.2"]
[White "Stathatos, Alexandros"]
[Black "Sakmak, Kutay"]
[Result "1/2-1/2"]
[WhiteElo "1815"]
[BlackElo "1718"]
[PlyCount "78"]
[EventDate "2022.04.21"]
[EventRounds "9"]

1. e4 {[%emt 0:00:02]} c5 {[%emt 0:00:08]} 2. Nf3 {[%emt 0:00:11]} e6 {[%emt 0:
00:04]} 3. d4 {[%emt 0:00:04]} cxd4 {[%emt 0:00:07]} 4. Nxd4 {[%emt 0:00:07]}
Nf6 {[%emt 0:00:12]} 5. Nc3 {[%emt 0:00:05]} Nc6 {[%emt 0:00:04]} 6. Ndb5 {
[%emt 0:00:03]} Bb4 {[%emt 0:00:05]} 7. a3 {[%emt 0:00:04]} Bxc3+ {[%emt 0:00:
04]} 8. Nxc3 {[%emt 0:00:01]} d5 {[%emt 0:00:05]} 9. exd5 {[%emt 0:00:08]} exd5
{[%emt 0:00:05]} 10. Bd3 {[%emt 0:00:05]} O-O {[%emt 0:00:06]} 11. O-O {
[%emt 0:00:04]} Bg4 {[%emt 0:00:37]} 12. Be2 {[%emt 0:12:15]} Bxe2 {[%emt 0:02:
45]} 13. Nxe2 {[%emt 0:06:08]} Qd7 {[%emt 0:06:03]} 14. Bf4 {[%emt 0:04:36]}
Qf5 {[%emt 0:01:27]} 15. Bd6 {[%emt 0:11:26]} Rfd8 {[%emt 0:05:17]} 16. Ng3 {
[%emt 0:00:09]} Qg6 {[%emt 0:01:34]} 17. Bf4 {[%emt 0:01:11]} d4 {[%emt 0:07:
07]} 18. Rc1 {[%emt 0:06:59]} d3 {[%emt 0:04:25]} 19. cxd3 {[%emt 0:01:52]}
Rxd3 {[%emt 0:00:18]} 20. Qa4 {[%emt 0:01:15]} Rad8 {[%emt 0:05:12]} 21. Ne2 {
[%emt 0:05:06]} Qf5 {[%emt 0:07:30]} 22. Be3 {[%emt 0:10:37]} Ng4 {[%emt 0:08:
19]} 23. Ng3 {[%emt 0:06:42]} Qe6 {[%emt 0:05:13]} 24. Bc5 {[%emt 0:02:42]}
Nge5 {[%emt 0:12:53]} 25. Rfe1 {[%emt 0:08:36]} Qd5 {[%emt 0:04:29]} 26. Qe4 {
[%emt 0:04:47]} Qxe4 {[%emt 0:11:23]} 27. Nxe4 {[%emt 0:04:06]} R3d5 {[%emt 0:
02:38]} 28. Nd6 {[%emt 0:08:48]} R5xd6 {[%emt 0:06:34]} 29. Bxd6 {[%emt 0:00:
25]} Nd3 {[%emt 0:00:47]} 30. Rcd1 {[%emt 0:00:24]} Nxe1 {[%emt 0:00:06]} 31.
Rxe1 f6 {[%emt 0:00:26]} 32. Bf4 {[%emt 0:00:21]} Kf7 {[%emt 0:00:23]} 33. f3 {
[%emt 0:00:48]} a6 {[%emt 0:01:50]} 34. Kf1 {[%emt 0:01:41]} Rd3 {[%emt 0:00:
39]} 35. Re2 {[%emt 0:00:39]} g5 {[%emt 0:01:33]} 36. Rd2 {[%emt 0:00:45]} Ne5
{[%emt 0:02:44]} 37. Ke2 {[%emt 0:00:33]} Rxd2+ {[%emt 0:00:05]} 38. Bxd2 {
[%emt 0:00:05]} Nc6 {[%emt 0:01:47]} 39. Kd3 {[%emt 0:01:13]} b5 {[%emt 0:00:
40]} 1/2-1/2

[Event "European School Championships"]
[Site "Rhodes, Greece"]
[Date "2022.04.26"]
[Round "6.3"]
[White "Tabatadze, Erekle"]
[Black "Gurer, Oguz Kagan"]
[Result "1-0"]
[WhiteElo "1557"]
[BlackElo "1690"]
[PlyCount "79"]
[EventDate "2022.04.21"]
[EventRounds "9"]

1. d4 Nf6 {[%emt 0:00:05]} 2. Nf3 {[%emt 0:00:06]} e6 {[%emt 0:00:04]} 3. c4 {
[%emt 0:00:03]} b6 {[%emt 0:00:04]} 4. Nc3 {[%emt 0:00:11]} Bb4 {[%emt 0:00:11]
} 5. e3 {[%emt 0:00:47]} Bb7 {[%emt 0:00:13]} 6. Bd3 {[%emt 0:00:04]} O-O {
[%emt 0:00:07]} 7. O-O {[%emt 0:00:54]} c5 {[%emt 0:00:10]} 8. Qe2 {[%emt 0:02:
00]} Bxc3 {[%emt 0:00:49]} 9. bxc3 {[%emt 0:00:04]} Be4 {[%emt 0:00:10]} 10.
Nd2 {[%emt 0:04:44]} Bxd3 {[%emt 0:01:25]} 11. Qxd3 {[%emt 0:01:09]} d5 {
[%emt 0:05:28]} 12. cxd5 {[%emt 0:06:20]} Qxd5 {[%emt 0:00:59]} 13. e4 {
[%emt 0:01:26]} Qh5 {[%emt 0:00:30]} 14. f4 {[%emt 0:10:56]} Rd8 {[%emt 0:15:
23]} 15. Bb2 {[%emt 0:06:54]} Nc6 {[%emt 0:07:51]} 16. f5 {[%emt 0:03:16]} Rac8
{[%emt 0:13:39]} 17. fxe6 {[%emt 0:13:11]} fxe6 {[%emt 0:00:14]} 18. Rae1 {
[%emt 0:05:13]} Ne5 {[%emt 0:16:26]} 19. Qg3 {[%emt 0:08:37]} cxd4 {[%emt 0:01:
07]} 20. cxd4 {[%emt 0:02:27]} Ng6 {[%emt 0:01:40]} 21. Qb3 {[%emt 0:01:35]}
Rc6 {[%emt 0:05:12]} 22. Rf3 {[%emt 0:05:25]} Nh4 {[%emt 0:05:29]} 23. Rg3 {
[%emt 0:01:32]} Qh6 {[%emt 0:01:54]} 24. Nc4 {[%emt 0:02:40]} Nh5 {[%emt 0:05:
56]} 25. Ne5 {[%emt 0:02:12]} Rcd6 {[%emt 0:05:54]} 26. Rg4 {[%emt 0:02:37]}
Nf6 {[%emt 0:03:24]} 27. Bc1 {[%emt 0:00:38]} Qh5 {[%emt 0:00:51]} 28. Rxh4 {
[%emt 0:01:08]} Qxh4 {[%emt 0:00:20]} 29. Nf3 {[%emt 0:00:06]} Qg4 {[%emt 0:01:
59]} 30. e5 {[%emt 0:00:59]} Rd5 {[%emt 0:00:14]} 31. exf6 {[%emt 0:00:23]}
gxf6 32. h3 {[%emt 0:00:53]} Qf5 {[%emt 0:00:23]} 33. g4 {[%emt 0:01:22]} Qg6 {
[%emt 0:00:25]} 34. Rxe6 {[%emt 0:00:52]} h5 {[%emt 0:01:31]} 35. Nh4 {[%emt 0:
01:40]} Qf7 {[%emt 0:00:31]} 36. Qe3 {[%emt 0:02:02]} Rxd4 {[%emt 0:05:16]} 37.
Nf5 {[%emt 0:00:16]} Rd1+ {[%emt 0:00:07]} 38. Kf2 {[%emt 0:00:12]} Kh8 {
[%emt 0:01:01]} 39. Qh6+ {[%emt 0:00:26]} Qh7 {[%emt 0:00:18]} 40. Qxf6+ {
[%emt 0:00:09]} 1-0

[Event "European School Championships"]
[Site "Rhodes, Greece"]
[Date "2022.04.26"]
[Round "6.4"]
[White "Keber, Aljosa"]
[Black "Hasanli, Ziya"]
[Result "1-0"]
[WhiteElo "1511"]
[BlackElo "1555"]
[PlyCount "59"]
[EventDate "2022.04.21"]
[EventRounds "9"]

1. e4 {[%emt 0:00:02]} c5 {[%emt 0:00:10]} 2. Nf3 {[%emt 0:00:04]} e6 {[%emt 0:
00:06]} 3. d4 {[%emt 0:00:03]} cxd4 {[%emt 0:00:05]} 4. Nxd4 {[%emt 0:00:06]}
Nf6 {[%emt 0:00:05]} 5. Nc3 {[%emt 0:00:05]} Nc6 {[%emt 0:00:06]} 6. Ndb5 {
[%emt 0:00:06]} Bb4 {[%emt 0:00:07]} 7. a3 {[%emt 0:00:03]} Bxc3+ {[%emt 0:00:
06]} 8. Nxc3 {[%emt 0:00:02]} d5 {[%emt 0:00:07]} 9. Bd3 {[%emt 0:00:04]} O-O {
[%emt 0:00:48]} 10. O-O {[%emt 0:00:11]} h6 {[%emt 0:03:28]} 11. h3 {[%emt 0:
13:35]} Re8 {[%emt 0:29:23]} 12. Re1 {[%emt 0:04:26]} dxe4 {[%emt 0:06:06]} 13.
Nxe4 {[%emt 0:03:20]} Nxe4 {[%emt 0:06:42]} 14. Bxe4 {[%emt 0:06:23]} Qc7 {
[%emt 0:15:30]} 15. c3 {[%emt 0:16:47]} Bd7 {[%emt 0:04:04]} 16. Re3 {[%emt 0:
05:03]} f5 {[%emt 0:07:55]} 17. Bc2 {[%emt 0:05:17]} f4 {[%emt 0:03:25]} 18.
Rd3 {[%emt 0:01:41]} Rad8 {[%emt 0:01:07]} 19. Bxf4 {[%emt 0:01:56]} Qxf4 {
[%emt 0:02:59]} 20. Rxd7 {[%emt 0:00:11]} Rf8 {[%emt 0:00:08]} 21. f3 {[%emt 0:
02:46]} Qe3+ {[%emt 0:01:02]} 22. Kh1 {[%emt 0:02:36]} Rxd7 {[%emt 0:07:22]}
23. Qxd7 {[%emt 0:00:12]} Rxf3 {[%emt 0:03:57]} 24. gxf3 {[%emt 0:12:32]} Qxf3+
{[%emt 0:00:06]} 25. Kg1 {[%emt 0:00:05]} Qg3+ {[%emt 0:00:10]} 26. Kf1 {
[%emt 0:00:06]} Qxh3+ {[%emt 0:00:44]} 27. Ke1 {[%emt 0:00:53]} Qe3+ {[%emt 0:
01:19]} 28. Kd1 {[%emt 0:00:13]} Qg1+ {[%emt 0:00:05]} 29. Kd2 {[%emt 0:00:11]}
Qxa1 {[%emt 0:00:09]} 30. Qe8# {[%emt 0:00:06]} 1-0